| 000 | 00975nam a2200337 a 4500 | ||
|---|---|---|---|
| 003 | AR-BaBNM | ||
| 005 | 20251128210648.0 | ||
| 008 | 082120s2002 ||||||||||||||000 | spa|| | ||
| 040 | _cAR-BaBNM | ||
| 110 | 1 |
_aBuenos Aires _bDirección General de Tercera Edad |
|
| 245 | 0 | 0 | _aVivencias de Buenos Aires |
| 260 |
_aBuenos Aires _bSecretaría de Promoción Social del Gobierno de la Ciudad de Buenos Aires _c2000 |
||
| 300 | _a222 p. | ||
| 650 | 4 | _aLITERATURA ARGENTINA | |
| 650 | 4 | _aCOSTUMBRES Y TRADICIONES | |
| 650 | 4 | _aMONUMENTOS HISTORICOS | |
| 650 | 4 | _aHISTORIA DE BUENOS AIRES | |
| 650 | 4 | _aBIENES CULTURALES | |
| 650 | 4 | _aARQUITECTURA | |
| 650 | 4 | _aURBANISMO | |
| 650 | 4 | _aEDIFICIOS | |
| 650 | 4 | _aVIDA SOCIAL | |
| 650 | 4 | _aVIDA CULTURAL | |
| 650 | 4 | _aBARRIOS | |
| 650 | 4 | _aHISTORIA ORAL | |
| 651 | 4 | _aBuenos Aires [Capital Federal] | |
| 655 | _aLITERATURA | ||
| 700 | 1 |
_aSatragno, Lidia Elsa _eprologuista |
|
| 942 | _cBK | ||
| 998 | _cMariana | ||
| 999 |
_c16342 _d16342 |
||